000 00652nam a2200277Ia 4500
005 20260324115522.0
008 008 260324s9999 xx 000 0 eng d
020 _a9781315180731
037 _aEBOOK
040 _aCRL
040 _beng
040 _cCRL
041 _2eng
041 _aeng
084 _qCRL
100 _aMartin Fredriksson; James Arvanitakis
_91154981
245 0 _aProperty, Place and Piracy
260 _bTaylor and Francis
260 _c2017
365 _a
365 _b340
856 _uhttp://www.taylorfrancis.com/books/9781315180731
942 _cEBOOK
999 _c1745914
_d1745914